000 00688nam a2200145Ia 4500
008 100204s9999 xx 000 0 und d
082 _b13211
100 _aबंड श्याम
245 _a"लोककथा ( मनोरंजक , अद्भूत , चित्तथरारक ) भाग - 3"
260 _b"ऋचा प्रकाशन, नागपूर"
_c1990
300 _a84
630 _a"लोककथा ( मनोरंजक , अद्भूत , चित्तथरारक ) भाग - 3"
730 _a"लोककथा ( मनोरंजक , अद्भूत , चित्तथरारक ) भाग - 3"
942 _cBOOK
999 _c457643
_d457640